Autonomní podnikatelské jednotky.

Autonómne podnikateľské jednotky, ich základné poslanie, charakteristika ich podnikavosti a vhodnej miery autonómie. Kritériá vytvárania, výhody a nevýhody autonómnych podnikateľských jednotiek. Vzťah autonómnych podnikateľských jednotiek k ostatným organizačným jednotkám firmy. Vnútorné organizačné...

Descripción completa

Guardado en:
Detalles Bibliográficos
Autor principal: Vodáček, Leo
Otros Autores: Vodačkova, Ol'ga
Formato: Capítulo de libro
Lenguaje:checo
Materias:
Etiquetas: Agregar Etiqueta
Sin Etiquetas, Sea el primero en etiquetar este registro!

MARC

LEADER 00000naa a2200000 4500
001 r010029
005 20220831090631.3
041 0 |a cze 
044 |a [CS] 
245 1 0 |a Autonomní podnikatelské jednotky.  |c Leo Vodáček, O. Vodáčková 
520 |a Autonómne podnikateľské jednotky, ich základné poslanie, charakteristika ich podnikavosti a vhodnej miery autonómie. Kritériá vytvárania, výhody a nevýhody autonómnych podnikateľských jednotiek. Vzťah autonómnych podnikateľských jednotiek k ostatným organizačným jednotkám firmy. Vnútorné organizačné usporiadanie autonómnych podnikateľských jednotiek. 
610 2 0 |a podnikanie 
610 2 0 |a organizácia podniku 
610 2 0 |a firmy 
610 2 0 |a štruktúra organizačná 
610 2 0 |a jednotka hospodárska 
100 1 |a Vodáček, Leo 
700 1 |a Vodačkova, Ol'ga